<?xml version="1.0" encoding="UTF-8"?>
<record
    xmlns:xsi="http://www.w3.org/2001/XMLSchema-instance"
    xsi:schemaLocation="http://www.loc.gov/MARC21/slim http://www.loc.gov/standards/marcxml/schema/MARC21slim.xsd"
    xmlns="http://www.loc.gov/MARC21/slim">

  <leader>00857nam a2200229 a 4500</leader>
  <controlfield tag="001">BRCA_1312</controlfield>
  <controlfield tag="005">20190320203354.0</controlfield>
  <controlfield tag="008">921117s1991    mx-a---###---#000-0#spa-#</controlfield>
  <datafield tag="020" ind1=" " ind2=" ">
    <subfield code="a">9686746005</subfield>
  </datafield>
  <datafield tag="040" ind1=" " ind2=" ">
    <subfield code="a">DLC</subfield>
    <subfield code="c">DLC</subfield>
    <subfield code="d">DLC</subfield>
  </datafield>
  <datafield tag="050" ind1=" " ind2="4">
    <subfield code="a">NK9214</subfield>
    <subfield code="b">.B46 1991</subfield>
  </datafield>
  <datafield tag="100" ind1="1" ind2=" ">
    <subfield code="a">Ben&#xED;tez, Fernando</subfield>
    <subfield code="d">1912-</subfield>
    <subfield code="9">4290</subfield>
  </datafield>
  <datafield tag="245" ind1="1" ind2="0">
    <subfield code="a">Bordados huicholes</subfield>
    <subfield code="c">Fernando Ben&#xED;tez ; reproducciones fotogr&#xE1;ficas, Eugenia Olazabal.</subfield>
  </datafield>
  <datafield tag="260" ind1=" " ind2=" ">
    <subfield code="a">M&#xE9;xico</subfield>
    <subfield code="b">Gobierno del Estado de Zacatecas</subfield>
    <subfield code="c">1991</subfield>
  </datafield>
  <datafield tag="300" ind1=" " ind2=" ">
    <subfield code="a">22 p.</subfield>
    <subfield code="b">71 il. a color</subfield>
    <subfield code="c">27 cm.</subfield>
  </datafield>
  <datafield tag="650" ind1="1" ind2="4">
    <subfield code="a">Bordados huicholes</subfield>
    <subfield code="x">Trabajos Ilustrados</subfield>
    <subfield code="9">4291</subfield>
  </datafield>
  <datafield tag="650" ind1="1" ind2="4">
    <subfield code="a">Indios huicholes</subfield>
    <subfield code="x">Uso de la droga</subfield>
    <subfield code="9">4292</subfield>
  </datafield>
  <datafield tag="650" ind1="1" ind2="4">
    <subfield code="a">Drogas alucin&#xF3;genas y su experiencia religiosa en el arte</subfield>
    <subfield code="z">M&#xE9;xico</subfield>
    <subfield code="9">4293</subfield>
  </datafield>
  <datafield tag="650" ind1="1" ind2="4">
    <subfield code="a">Bordado</subfield>
    <subfield code="x">Trabajos representativos</subfield>
    <subfield code="z">M&#xE9;xico</subfield>
    <subfield code="9">4294</subfield>
  </datafield>
  <datafield tag="700" ind1="1" ind2=" ">
    <subfield code="a">Rend&#xF3;n de Olazabal, Eugenia</subfield>
    <subfield code="9">4295</subfield>
  </datafield>
  <datafield tag="942" ind1=" " ind2=" ">
    <subfield code="2">lcc</subfield>
    <subfield code="c">B</subfield>
  </datafield>
  <datafield tag="999" ind1=" " ind2=" ">
    <subfield code="c">1176</subfield>
    <subfield code="d">1176</subfield>
  </datafield>
  <datafield tag="952" ind1=" " ind2=" ">
    <subfield code="0">0</subfield>
    <subfield code="1">0</subfield>
    <subfield code="4">0</subfield>
    <subfield code="7">0</subfield>
    <subfield code="a">BRCA</subfield>
    <subfield code="b">BRCA</subfield>
    <subfield code="d">2008-06-26</subfield>
    <subfield code="l">0</subfield>
    <subfield code="o">NK9214 .B46 1991</subfield>
    <subfield code="p">01829</subfield>
    <subfield code="r">2019-03-22 00:00:00</subfield>
    <subfield code="w">2019-03-22</subfield>
    <subfield code="y">B</subfield>
  </datafield>
</record>
